000 00461nam a2200193Ia 4500
005 20240823024123.0
008 240823s9999||||xx |||||||||||||| ||und||
020 _a978-81-84-8935-33
041 _aENGLISH
082 _A005.82 Q0
100 _aDario Catalano et al.
245 0 _aContemporary Cryptology
250 _a1st
260 _c2010
_bYes Dee Publi
500 _aYES
650 _acryptology
_bComputer Science
942 _cBK
999 _c183166
_d183166